Tìm hiểu thế giới động vật dưới gốc độ ngôn ngữ văn hóa dân gian người Việt : Qua dẫn liệu vùng Thừa Thiên Huế

Sách nghiên cứu tên gọi của động vật được dùng trong dân gian và sự phân loại, đánh giá của người Việt đối với động vật.

Gorde:
Xehetasun bibliografikoak
Egile nagusia: Triều Nguyên
Formatua: Liburua
Hizkuntza:Undetermined
Argitaratua: Huế Thuận hóa 2008
Gaiak:
Etiketak: Etiketa erantsi
Etiketarik gabe, Izan zaitez lehena erregistro honi etiketa jartzen!
Thư viện lưu trữ: Trung tâm Học liệu Trường Đại học Cần Thơ
LEADER 00953nam a2200217Ia 4500
001 CTU_132999
008 210402s9999 xx 000 0 und d
020 |c 22500 
082 |a 398.209597 
082 |b Tr309 
100 |a Triều Nguyên 
245 0 |a Tìm hiểu thế giới động vật dưới gốc độ ngôn ngữ văn hóa dân gian người Việt : 
245 0 |b Qua dẫn liệu vùng Thừa Thiên Huế 
245 0 |c Triều Nguyên 
260 |a Huế 
260 |b Thuận hóa 
260 |c 2008 
520 |a Sách nghiên cứu tên gọi của động vật được dùng trong dân gian và sự phân loại, đánh giá của người Việt đối với động vật. 
650 |a Folk literature, vietnamese,Văn học dân gian, Việt Nam 
904 |i Trọng Hải 
980 |a Trung tâm Học liệu Trường Đại học Cần Thơ